Find Your Way Quiz - 4 - Statistics

General Stats
  • This quiz has been taken 37 times
  • The average score is 15 of 20
Answer Stats
Hint Answer % Correct
3) What is the Periodic Symbol of 'Answer' 2? B
100%
4) Name the smallest (in area) South American country that starts with 'Answer 3' ? Bolivia
89%
5) What number does the 3rd letter of 'Answer 4' represent in Roman Numeration? 50
86%
6) Where became the 'Answer 5' th State of the USA? Hawaii
86%
7) Who was the famous Sea Captain killed on 'Answer 6'? James Cook
82%
2) What element Atomic No. 5 can be found in 'Answer 1'? Boron
79%
1) Capital of Botswana is? Gaborone
79%
9) What mammal is formed from the middle 3 letters of 'Answer 8' ? Ass
75%
16) What is the only country in Europe whose name starts with the last letter of 'Answer 15' ? Estonia
75%
8) The last letter of 'Answer 7' is the symbol for which element? Potassium
75%
10) What is another name for 'Answer 9' starting with 'D' ? Donkey
71%
14) What Caribbean Island Country's name starts with the first letter of 'Answer 13' ? Jamaica
71%
15) What is the name of the music genre originating in 'Answer 14' ? Reggae
71%
18) Which sea is to the West of 'Answer 17' ? Baltic Sea
68%
20) What is the most northerly Island Country in 'Answer 19' ? Iceland
68%
11) The 4th and 6th letter of 'Answer 10' is the abbreviation for which US State ? Kentucky
68%
17) Which country lies due South of the 'Answer 16' ? Latvia
68%
19) 'Answer 18' is a marginal sea of which Ocean ? Atlantic Ocean
64%
12) For a Clue, name a US State that borders 'Answer 11' ? (answer will be a clue) Indonesia
64%
13) Name the Capital of 'Answer 12' ? Jakarta
61%
No matching quizzes found
Score Distribution
Percent of People with Each Score
Percentile by Number Answered
Your Score History
You have not taken this quiz